Statistics for Tv Show Logos Part 1

Click here to take the quiz!

General Stats

  • This quiz has been taken 8,858 times
    (8,848 since last reset)
  • The average score is 11 of 15

Answer Stats

Answer% Correct
Friends
98%
The Simpsons
98%
Lucifer
93%
The Vampire Diaries
93%
The Walking Dead
91%
Game of Thrones
90%
The Big Bang Theory
84%
Grey's Anatomy
82%
NCIS
78%
NCIS Los Angeles
63%
Seinfeld
58%
MASH
52%
One Tree Hill
42%
Beverly Hills 90210
39%
Law and order special victims unit
38%

Score Distribution

Percentile by Number Answered

Percent of People with Each Score

Your Score History

You have not taken this quiz since the last reset